[Event "Agneaux St Lo U16 op 20th"]
[Site "Agneaux"]
[Date "2018.07.07"]
[Round "1.4"]
[White "Bouzenard, Jules"]
[Black "Ribera Veganzones, Josep Maria"]
[Result "0-1"]
[WhiteElo "1454"]
[BlackElo "1822"]
[PlyCount "36"]
[EventDate "2018.07.07"]
[EventType "swiss"]
[EventRounds "9"]
[EventCountry "FRA"]
[SourceTitle "EXT 2019"]
[Source "ChessBase"]
[SourceDate "2018.10.10"]
[SourceVersion "1"]
[SourceVersionDate "2018.10.10"]
[SourceQuality "1"]

1. d4 d5 2. Nf3 Nf6 3. c4 c6 4. Nc3 e6 5. e3 Nbd7 6. Bd3 dxc4 7. Bxc4 b5 8. Bd3 Bb7 9. 0-0 Bd6 10. a4 a6 11. b3 e5 12. dxe5 Nxe5 13. Nxe5 Bxe5 14. Bb2 b4 15. Rc1 0-0 16. Qe2 bxc3 17. Bxc3 Bxc3 18. Rxc3 Nd5 0-1